000 00540nam a2200205Ia 4500
005 20250923144508.0
008 008 250917s9999 xx 000 0 eng d
037 _aTextual
040 _aDSWL
_beng
_cDSWL
041 _aeng
_2eng
084 _qDSWL
100 _aSanders, Irwin.T.
_9825457
245 0 _aMaking good communities better
_cby Irwin.T. Sanders
260 _aKentucky
_bLexington Univ
_c1953
300 _a199p.
365 _aUSD
_b2.5
925 _g2.5
942 _cTEXL
999 _c1439629
_d1439629